Statistics for Exploring Earth's Wonders: Easy

Click here to take the quiz!

General Stats

  • This quiz has been taken 8 times
    (5 since last reset)
  • The average score is 9 of 10

Answer Stats

QuestionAnswer% Correct
Which is the largest HOT desert in the world?a) Sahara Desert
100%
What is the highest mountain peak in the world?b) Mount Everest
100%
Which continent of the following is the least populated?d) Antarctica
100%
Which of the following is the largest island in the world?d) Greenland
100%
What is the capital city of Brazil?b) Brasília
80%
What is the capital city of Australia?b) Canberra
80%
Which country is known as the Land of the Rising Sun?b) Japan
80%
The Great Barrier Reef is located off the coast of which country?c) Australia
80%
What is the world's largest ocean?c) Pacific Ocean
80%
Which river is the longest in the world?b) Nile River
60%

Score Distribution

Percentile by Number Answered

Percent of People with Each Score

Your Score History

You have not taken this quiz since the last reset